Statistiques concernant Jésus-Christ - Citations à compléter

Cliquez ici pour prendre le quiz!

Statistiques générales

  • Ce quiz a été pris 521 fois
  • Le résultat moyen est 6 sur 14

Statistiques - réponses

CitationRéponse% Correct
"Rendez à _ _ _ _ _ ce qui est à _ _ _ _ _ , et à Dieu ce qui est à Dieu"César
84%
"Père, pardonne leur, car ils _ _ / _ _ _ _ _ _ / _ _ _ / _ _ / _ _ ' _ _ _ / _ _ _ _"ne savent pas ce qu'ils font
72%
"Et moi je te dis que tu es Pierre, et que sur cette pierre je bâtirai _ _ _ / _ _ _ _ _ _ "mon Eglise
55%
"Regardez les _ _ _ _ _ _ _ du ciel: ils ne sèment ni ne moissonnent et ils n'amassent rien dans des greniers; et votre Père céleste les nourrit. Ne valez-vous pas beaucoup plus qu'eux ?"oiseaux
50%
"Moi et _ _ / _ _ _ _ nous sommes un"le Père
45%
"Lève-toi, va; _ _ / _ _ _ t'a sauvé"ta foi
41%
"Venez à moi, vous tous qui êtes fatigués et chargés, et je vous donnerai _ _ / _ _ _ _ _ "du repos
39%
"Il est plus facile à un _ _ _ _ _ _ _ de passer par le trou d'une aiguille qu'à un riche d'entrer dans le royaume de Dieu."chameau
37%
"Gardez-vous des faux prophètes.Ils viennent à vous en vêtements de brebis, mais au dedans ce sont des _ _ _ _ _ ravisseurs."loups
32%
"Laissez les _ _ _ _ _ _ / _ _ _ _ _ _ _, et ne les empêchez pas de venir à moi; car le royaume des cieux est pour ceux qui leur ressemblent."petits enfants
28%
"En vérité, en vérité, je vous le dis, avant qu' _ _ _ _ _ _ _ fût, je suis"Abraham
26%
"Nul ne peut servir _ _ _ _ / _ _ _ _ _ _ _. Car, ou il haïra l'un, et aimera l'autre ; ou il s'attachera à l'un, et méprisera l'autre. Vous ne pouvez servir Dieu et Mammon.deux maîtres
24%
"Je suis venu non pour _ _ _ _ _ le monde, mais pour sauver le monde"juger
24%
"Je ne suis pas venu apporter la paix, mais _ ' _ _ _ _"l'épée
18%

Distribution des résultats

Percentile par nombre de réponses

% des personnes avec chaque résultat

Votre développement - résultats

Vous n’avez pas pris ce quiz